MARC

LEADER 00000nam0a2200000 4500
001 69718
005 20231031080042.0
010 |a 5819201825 
035 |a (RuTPU)RU\TPU\book\74224 
090 |a 69718 
100 |a 20041101d2003 k y0rusy50 ca 
101 0 |a rus 
102 |a RU 
105 |a y z 000zy 
200 1 |a Профиль комплектования фондов Российской национальной библиотеки изданиями и другими документами  |f Российская национальная библиотека; сост. О. Н. Шелюто 
210 |a СПб.  |c Изд-во Российской национальной библиотеки  |d 2003 
215 |a 159 с. 
610 1 |a библиотечное дело 
610 1 |a библиотечные технологии 
610 1 |a Российская национальная библиотека 
610 1 |a фонды 
610 1 |a комплектование 
610 1 |a профиль комплектования 
610 1 |a подсобные фонды 
610 1 |a обменные фонды 
610 1 |a иностранные документы 
610 1 |a отечественные документы 
610 1 |a журналы 
610 1 |a книги 
610 1 |a газеты 
610 1 |a изоиздания 
610 1 |a ноты 
610 1 |a нормативно-технические документы 
610 1 |a картографические издания 
610 1 |a аудиовидеоинформация 
610 1 |a национальные литературы 
610 1 |a редкие книги 
610 1 |a рукописи 
610 1 |a микроформы 
610 1 |a издания групповой обработки 
686 |a Ч736.11  |v LBC/SL-A  |2 rubbk 
686 |a Ч734(2)711.11  |v LBC/SL-A  |2 rubbk 
702 1 |a Шелюто  |b О. Н.  |4 220 
712 0 2 |a Российская национальная библиотека  |2 stltpush  |3 (RuTPU)RU\TPU\col\146 
801 1 |a RU  |b 63413507  |c 20041101  |g PSBO 
801 2 |a RU  |b 63413507  |c 20220714  |g PSBO 
942 |c BK